Stolice Europy - Pisanie na ślepo - Statystyki

Ogólne statystyki
  • Ten quiz został rozwiązany 23 razy
  • Średni wynik to 39 z 45
Statystyki odpowiedzi
Kraj Miasto % Poprawnych
Niemcy Berlin
100%
Ukraina Kijów
100%
Norwegia Oslo
100%
Polska Warszawa
100%
Rosja Moskwa
95%
Włochy Rzym
95%
Austria Wiedeń
95%
Chorwacja Zagrzeb
95%
Holandia Amsterdam
91%
Grecja Ateny
91%
Belgia Bruksela
91%
Irlandia Dublin
91%
Portugalia Lizbona
91%
Hiszpania Madryt
91%
Białoruś Mińsk
91%
Francja Paryż
91%
Szwajcaria Berno
86%
Węgry Budapeszt
86%
Rumunia Bukareszt
86%
Finlandia Helsinki
86%
Wielka Brytania Londyn
86%
Monako Monako
86%
Czarnogóra Podgorica
86%
Czechy Praga
86%
Szwecja Sztokholm
86%
Estonia Tallinn
86%
Liechtenstein Vaduz
86%
Watykan Watykan
86%
Andora Andora
82%
Dania Kopenhaga
82%
Słowenia Lublana
82%
Luksemburg Luksemburg
82%
Kosowo Prisztina
82%
San Marino San Marino
82%
Malta Valletta
82%
Serbia Belgrad
77%
Słowacja Bratysława
77%
Mołdawia Kiszyniów
77%
Bułgaria Sofia
77%
Albania Tirana
77%
Islandia Reykjavík
73%
Łotwa Ryga
73%
Bośnia i Hercegowina Sarajewo
73%
Litwa Wilno
73%
Macedonia Północna Skopje
68%
Nie znaleziono quizów pasujących do podanych kryteriów
Rozkład punktacji
Procent ludzi z każdym wynikiem
Percentyl według liczby udzielonych odpowiedzi
Twoja historia wyników
Nie rozwiązałeś tego quizu